LEADER 01591nam0 2200265 450 001 000013425 005 20090225102758.0 100 $a20080623d1881----km-y0itay50------ba 101 0 $afre 102 $aFR 105 $aa-------001yy 200 1 $aAstronomie populaire$edescription generale du ciel$fCamille Flammarion 210 $aParis$cC. Marpon et E. Flammarion$d1881 215 $a839 p., [10] c. di tav. di cui 1 ripieg.$cill.$d28 cm 316 $aLegatura in quarto di pelle su piatti di cartone ricoperti di c. dec. (28x19x6 cm); dorso con A., tit. e filetti impressi in oro; ivi, inoltre, etichette con antiche segnature, etichetta con l'attuale coll. a coprire coll. del Regio Istituto Superiore Navale; foxing; alcune carte staccate$5UNIPARTHENOPE 317 $aSulla controguardia ant. antiche segnature mss.: 24-E [n.i.]; 172 g 4 [n.i.]; Class VII 1322 Ingress 3011 del Registro inventario della Regia Marina Biblioteca dipartimentale di Napoli; ivi, inoltre, II-C VII-2; 2808 [n.i.]; sul r. della c. di g. ant.: parz. . ripetuti, a matita, i dati del Registro inventario ...; class. Dewey dell'IUN: 520.2 (cancellata) e 520.3; timbro A della Reale Biblioteca di Marina$5UNIPARTHENOPE 620 $aFrancia$dParigi 676 $a520$v21$9ASTRONOMIA E SCIENZE CONNESSE 700 1$aFlammarion,$bCamille$f<1842-1925>$03296 712 02$aDue Sicilie : Ministero della guerra e della marina$4390 801 0$aIT$bUNIPARTHENOPE$c20080623$gRICA$2UNIMARC 912 $a000013425 951 $aBORB-F-7$b3011$cFB$d2008 996 $aAstronomie populaire$9675423 997 $aUNIPARTHENOPE LEADER 01065nam a2200253 a 4500 001 991003480589707536 008 080318s1994 it 001 0 ita d 035 $ab1370090x-39ule_inst 040 $aFacoltà SSPT$bita 082 0 $a331.10 100 1 $aFanizza, Fiammetta $0480553 245 12$aI traditi :$bobiettivo occupazione nella Comunita europea: informazioni devianti e strategie comunicative /$cFiammetta Fanizza ; presentazione di Gaetano Veneto 260 $aManduria [etc.] :$bLacaita,$cc1994 300 $a140 p. ;$c22 cm 440 0$aIdeologia e scienze sociali ;$v22 650 4$aLavoro$xEconomia$zPaesi della Comunità Economica Europea 651 4$aComunità Europea$xPolitica occupazionale$xAnalisi 700 1 $aVeneto , Gaetano 907 $a.b1370090x$b02-04-14$c18-03-08 912 $a991003480589707536 945 $aLE021 331.10 FAN01.01$g1$i2020000001799$lle021$op$pE8.00$q-$rn$s- $t0$u0$v0$w0$x0$y.i14697920$z18-03-08 996 $aTraditi$91229030 997 $aUNISALENTO 998 $ale020$b18-03-08$cm$da $e-$fita$git $h2$i0